The Bible and missions. (Record no. 10181)

000 -LEADER
fixed length control field 00668nam a2200193 a 4500
001 - CONTROL NUMBER
control field :::00007966$&:&@@
003 - CONTROL NUMBER IDENTIFIER
control field OkBaRHE
005 - DATE AND TIME OF LATEST TRANSACTION
control field 20000607103340.0
008 - FIXED-LENGTH DATA ELEMENTS--GENERAL INFORMATION
fixed length control field s1920 j 000 0 eng u
040 ## - CATALOGING SOURCE
Transcribing agency
100 1# - MAIN ENTRY--PERSONAL NAME
Personal name Montgomery, Helen Barrett.
245 14 - TITLE STATEMENT
Title The Bible and missions.
260 ## - PUBLICATION, DISTRIBUTION, ETC. (IMPRINT)
Place of publication, distribution, etc West Medford, MA., :
Name of publisher, distributor, etc The Central Committee on the United Study of Foreign Missions
Date of publication, distribution, etc 1920
300 ## - PHYSICAL DESCRIPTION
Extent 240 p.
650 ## - SUBJECT ADDED ENTRY--TOPICAL TERM
Topical term or geographic name as entry element Missions
942 ## - ADDED ENTRY ELEMENTS (KOHA)
Source of classification or shelving scheme
Koha item type Books
Copies
Date last seen Lost status Koha item type Permanent Location Date acquired Withdrawn status Damaged status Shelving location Full call number Source of classification or shelving scheme Barcode Copy number Not for loan Price effective from
2010-04-14 BooksRHEMA Bible Training College2010-04-14  General StacksBV 2073 .M6 79661 2010-04-14
2010-04-14 BooksRHEMA Bible Training College2010-04-14  General StacksBV 2073 .M6 162792 2010-04-14